| 000 | 00949nam a22002657a 4500 | ||
|---|---|---|---|
| 005 | 20250228153242.0 | ||
| 008 | 250228b sp |||||||| |||| 00| 0 spa d | ||
| 020 | _a8483221527 | ||
| 020 | _a9788483221525 | ||
| 050 | 0 | 4 |
_aHM598 _bM33 1999 |
| 100 | 1 | _aMacionis, John J. | |
| 240 | 1 |
_aSociology, a global introduction _lespañol |
|
| 245 | 1 | 0 |
_aSociología _c / John J. Macionis, Ken Plummer ; traducción Roberto Garvía, Celia Valiente, Santiago Pérez-Nievas ; colaboración Rosalía Mota. |
| 250 | _a1a ed. | ||
| 260 |
_aMadrid, España : _bPearson, prentice hall, _c1999 |
||
| 300 |
_axvii, 704 p. : _bil. ; _c26 cm. |
||
| 500 | _aIncluye glosario e índice | ||
| 504 | _aBibliografía : p. 669 -695 | ||
| 650 | 7 |
_2lemb _aSociología |
|
| 700 | 1 |
_aPlummer, Ken, _eautor |
|
| 700 | 1 |
_aGarvía, Roberto, _etraductor |
|
| 700 | 1 |
_aValiente, Celia, _etraductor |
|
| 700 | 1 |
_aMota, Rosalía, _ecolaborador |
|
| 942 |
_2lcc _cLIB |
||
| 999 |
_c171498 _d171496 |
||